Riconosci lo Stato - Quiz n°84 - Statistics

Statistiche generali
  • Questo quiz è stato fatto 56 volte
  • Il punteggio medio è 11 su 13
Statistiche sulle risposte
Indizio Risposta % Corretto
Indipendenza 1º gennaio 1993
96%
Iniziale della Capitale B
96%
Presidente della Repubblica Zuzana Čaputová
94%
Valuta Euro
92%
Popolazione 5.449.270 ab.
90%
Superficie 49.037,20 km²
88%
Fuso Orario CET (UTC +1), CEST (UTC +2, ora legale)
88%
Presidente del Governo Robert Fico
88%
Forma di Governo Repubblica parlamentare
86%
ISU 0,830
84%
PIL (nominale) 106 585 milioni di $
84%
Tasso di crescita 0,104%
80%
Risposta Slovacchia
76%
Nessun quiz corrispondente trovato
Distribuzione punteggi
Percentuale di utenti per punteggio
Percentile per numero di risposta
I tuoi punteggi nel tempo
Non hai fatto questo quiz